000 00646nam a2200169 a 4500
008 120416s1981 ||||||||||||||||| || u
020 _a003059698X
050 _aHD 9539
100 _aCunningham, Simon
245 1 4 _aThe copper industry in Zambia: foreign mining companies in a developing country
260 _aNew York
_bPraeger
_c1981
300 _axix, 343p. : ill.
350 _a0.00
650 _aCOPPER INDUSTRY AND TRADE--ZAMBIA--HISTORY
650 _aCOPPER MINES AND MINING--ZAMBIA--HISTORY
995 _D0.00
_FCBU-MAIN LIBRARY (Kitwe)
_H1
_I54.95
_M1
_UAVAILABLE
_ZZambiana Collection
999 _c38776
_d38776